000 00402nam a2200193Ia 4500
008 210210b xxu||||| |||| 00| 0 eng d
041 _aeng
082 _a331/112
100 _aSAHIB (Jamal Mahomed)
245 _aTragedy of 18 d rupee
260 _aMadras
_b-
_c
650 _aTragedy
650 _arupee
650 _aof
650 _ad
650 _a18
690 _aBanking
906 _a004014
999 _c122249
_d122249